| Поле | Инд. | ПП | Название | Значение |
|---|---|---|---|---|
| Тип записи | a | |||
| Библиографический уровень | m | |||
| 001 | Контрольный номер | RU/IS/BASE/372508693 | ||
| 005 | Дата корректировки | 20220708111102.0 | ||
| 020 | a | ISBN | 978-985-488-694-7 | |
| 040 | b | Код языка каталог. | rus | |
| 041 | 0_ | a | Код языка текста | rus |
| 080 | a | Индекс УДК | 004.42(076.5) | |
| 084 | a | Индекс другой классификации/Индекс ББК | 32.973.26-018.2я73 | |
| 090 | a | Полочн. индекс | 681.3 | |
| c | Каталожный индекс | 681.3.06(076.5) | ||
| x | Авторский знак | О-80 | ||
| 097 | b | Оператор | 02 | |
| 100 | 1_ | a | Автор | Отвагин А. В. |
| 245 | 10 | a | Заглавие | Платформа Microsoft.NET |
| b | Продолж. заглавия | лабораторный практикум по дисциплине "Объектно-ориентированное проектирование и программирование" для студ. спец. 1-40 02 01 "Вычислительные машины, системы и сети" всех форм обучения | ||
| h | Физич. носитель | + электр. вариант | ||
| 260 | a | Место издания | Минск | |
| b | Издательство | БГУИР | ||
| c | Дата издания | 2011 | ||
| 300 | a | Объем | 46 с. | |
| b | Иллюстрации/ тип воспроизводства | ил. | ||
| 440 | a | Серия | Кафедра электронных вычислительных машин | |
| 510 | a | Примечание о ссылках | Книги и методические пособия | |
| 650 | a | Основная рубрика | 50.05 Теоретические основы программирования | |
| x | Основная подрубрика | 50.05.17 Теоретические основы системного программного обеспечения | ||
| 653 | a | Ключевые слова | объектно-ориентированное программирование; Microsoft; сетевые платформы | |
| 700 | a | Другие авторы | Павлёнок Н. А. | |
| 856 | u | URL | https://libeldoc.bsuir.by/bitstream/123456789/1281/2/Otvagin_plat.pdf | |
| 901 | t | Тип документа | m |